00951nam a2200265 a 450000100060000000300080000600500170001400800410003103500190007204000310009104100080012208200250013010000310015524500710018625000120025726000380026930000340030750000220034165000290036365000220039283001020041494200120051699900170052895201400054570032BD-RjUL20211209081945.0840611s1966 enka 001 0 eng d a(BD-RjUL)70244 aDLC/ICUcICUdBD-RjULbeng aeng00223a515.63bURA 19661 aUrwin, Kathleen M.920741410aAdvanced calculus and vector field theory /cby Kathleen M. Urwin. a1st ed. aLondon :bPergamon Press,cc1966. axii, 265 p. :bill. ;c20 cm. aIncludes indexes. 0aVector analysis.9207416 0aCalculus.9207417 aCommonwealth and international library.vHigher mathematics for scientists and engineers.9207424 2ddccBK c70032d70032 00102ddc40718NFICaRUCLbRUCLcReadingd1968-12-28eZeitlingerg50.00l0o515.63 URA 1966r2017-04-15 00:00:00tC-1w2017-04-15yBK